000 01428cam a2200409 4500
999 _c23232
_d23232
001 vtls011856983
005 20220428081202.0
008 210624s2019 xo gr 010 fdslo
020 _a9788055165424
_q(viazané)
035 _a5D80DF13-5E56-4D80-86DF-621E73F0217C
035 _aurn:nbn:sk:snk-am3ieet
035 _aurn:nbn:sk:snk-am00e6v2
040 _aPPPK
_bslo
_cPPPK
_dSNK
_erda
041 1 _aslo
_heng
044 _axo
_cSK
072 7 _a821.111-3
_xAnglická próza, anglicky písaná
_2konspekt
080 _a821.111-31
_22011
080 _a(0:82-312.4)
_22011
100 1 _aTyce, Harriet
_4aut
_93050
240 1 0 _aBlood orange
_lSlovensky
245 1 0 _aKrvavý pomaranč
_cHarriet Tyceová ; preložila Beata Horná
246 1 _iObálkový podnázov:
_aVie, že to, čo robí, je zlé. Ale je to silnejšie ako ona.
264 1 _aBratislava
_bIkar
_c2019
300 _a295 strán
_c21 cm
336 _atext
_btxt
_2rdacontent
337 _abez média
_bn
_2rdamedia
338 _azväzok
_bnc
_2rdacarrier
500 _aPreložené z angličtiny
500 _aObsahuje biografické údaje o autorke na záložke prebalu knihy
655 7 _aanglické romány
_2SNKPH
_98
655 7 _atrilery (romány)
_2SNKPH
_92135
655 7 _aEnglish fiction
_2SNKPHeng
_99
655 7 _aThrillers (novels)
_2SNKPHeng
_91722
700 1 _aHorná, Beata
_c(prekladateľka)
_4trl
_92113
958 _aLX
958 _aUP